00879cam a22003014i 4500003000900000005001700009008004100026020001500067020001800082035002700100040003300127082002400160100004500184245005800229264004600287300003900333336002100372337002500393338002300418490004000441505001900481526000900500526000900509526000800518526000800526526000800534650003500542PE-LiUPU20250731184119.0150616s1987 ck r 000 0 spa d a9580600023 a9789580600022 a(Sirsi) i9789580600022 aPE-LiUPUbspacPE-LiUPUerda04a869.082bM/ G252211 aGarcia Marquez, Gabriel,d1927-,eautor.10aCien años de soledad /cGabriel García Márquez. 1aBogotá, Colombia :bOveja Negra,c1987. a325 páginas ;c22 centímetros. atext2rdacontent aunmediated2rdamedia avolume2rdacarrier0 aMaestros de la Literatura Universal0 aObra completa. aP145 aP127 aP97 aP14 aP0704aNovelas colombianasySiglo XX.